[Event "Pennant A"]
[Site "Adelaide"]
[Date "1998.10.13"]
[Round "1.1"]
[White "Fraatz, Oliver"]
[Black "Sykes, Alexander"]
[Result "0-1"]
[WhiteElo "1696"]
[BlackElo "1904"]
[Annotator "Fritz 5.00 - Anderson-Smith,W"]
[PlyCount "54"]
[EventDate "1998.10.13"]
[EventType "team"]
[EventRounds "6"]
[EventCountry "AUS"]

1. d4 Nf6 2. c4 g6 3. Nc3 d5 {Grunfeld Defence} 4. Bg5 Ne4 5. Qc1 $146 (5. Bh4
{Taimanov} Bg7 (5... Nxc3 6. bxc3 c6 7. e3 Qa5 (7... Bg7 8. Nf3 O-O 9. Qb3 dxc4
10. Bxc4 b5 11. Be2 Be6 12. Qa3 f6 13. e4 Nd7 14. O-O Bf7 15. Rad1 a6 16. Rfe1
Nb6 17. Nd2 Qd6 18. Qa5 Na4 19. Nb3 Qd8 20. Rc1 Bh6 21. Rc2 Bxb3 22. Qxd8 {
Bosbach,G-Schlick,V/BL2-SW 8889 1989/BL2/0-1 (43)}) 8. Qb3 Bg7 9. Nf3 c5 10.
cxd5 cxd4 11. Qb5+ Qxb5 12. Bxb5+ Bd7 13. Bxd7+ Nxd7 14. cxd4 Nf6 15. Bxf6 Bxf6
16. Rc1 Kd7 17. Ne5+ Bxe5 18. dxe5 Rac8 19. Kd2 f5 20. f4 {
Damm,S-Murawski,C/BLW 1992/BIG 90/1-0 (36)}) (5... c5 6. e3 (6. cxd5 Nxc3 7.
bxc3 Qxd5 8. e3 Bg7 9. Nf3 cxd4 10. cxd4 Nc6 11. Be2 O-O 12. O-O e5 13. dxe5
Qa5 14. a4 Nxe5 15. Nxe5 Qxe5 16. Rb1 Bf5 17. Rb5 Qe4 18. g4 Bc8 19. Bf3 Qc4
20. h3 a6 21. Rb6 Qc5 22. Qb1 Qa5 23. Qb4 Qxb4 24. Rxb4 a5 25. Rb6 Bd7 26. Be7
Rfe8 27. Bxb7 Ra7 28. Bc5 Bf8 29. Rxg6+ hxg6 30. Bxa7 Bb4 31. Rc1 Bxa4 32. Bd5
Bd7 33. Rc7 Be6 34. Bxe6 Rxe6 35. Rc8+ Kg7 36. Bd4+ f6 37. g5 Be7 38. Ra8 {
1-0 Rivas Pastor,M-Sion Castro,M/Salamanca 1989/CBM 13}) 6... Qa5 7. Nf3 Nc6 8.
Qb3 cxd4 9. exd4 Nxc3 10. bxc3 Be6 11. Be2 Bh6 12. O-O O-O 13. Rab1 b6 14. Qb5
Rfc8 15. cxd5 Bxd5 16. c4 Be4 17. Rb2 e6 18. Bf6 Qxb5 19. Rxb5 Na5 20. c5 Bc6
21. Rb2 bxc5 22. dxc5 Bd5 23. Bc3 Rxc5 24. Bb4 Nc4 25. Rc2 Rcc8 26. g4 Rab8 27.
a3 a5 28. Be7 Bxf3 29. Bxf3 Nd2 30. Rxc8+ Rxc8 31. Be2 Nxf1 32. Kxf1 Bf8 {
0-1 Tataev,M-Yuferov,S/Moscow op 1990/EXP 19}) 6. cxd5 Nxc3 7. bxc3 Qxd5 8. e3
Qa5 9. Qd2 c5 10. Nf3 Nc6 11. Rb1 cxd4 12. cxd4 Qxd2+ 13. Kxd2 O-O 14. Bb5 Be6
15. Bxc6 bxc6 16. Bxe7 Rfe8 17. Bc5 Bxa2 18. Ra1 Bd5 19. Bxa7 Be4 {
Sessler,J-Schmall,J/Eppingen MB 1988/GER 04/1/2-1/2 (44)}) 5... Nxc3 6. bxc3 (
6. Qxc3 dxc4 7. d5 Rg8 8. Qxc4 c6 $11) 6... c5 7. Bh6 $15 (7. e3 h6 8. Bf4 Bg7
$11) 7... cxd4 8. Bxf8 Rxf8 9. cxd4 Qa5+ $11 (9... dxc4 10. e3 Qa5+ 11. Qd2 $17
) 10. Qd2 Qxd2+ 11. Kxd2 dxc4 12. Rb1 Nc6 13. Kc3 Na5 14. e4 f5 15. Rb5 b6 16.
e5 {This push gains space} Ba6 17. Rb2 e6 18. Nf3 Ke7 19. Be2 Rfd8 20. h4 h6
21. Nd2 {White intends h5} Rac8 22. g4 $19 (22. Bf3 $5 $17) 22... fxg4 (22...
Nc6 23. gxf5 Nxd4 24. f6+ Kf7 25. Nb1 $19) 23. Bxg4 Nc6 24. Nf3 Rf8 {
Black threatens.... what?} 25. h5 g5 (25... Rf4 26. Rg1 g5 27. Rd2 $19) 26. d5
$4 {White crumbles in face of a dire situation} (26. Nh2 $142 $19) 26... exd5
27. Bxc8 (27. Rd2 {no good, but what else?} Rf4 28. Rg1 $19) 27... Rxf3+ (27...
Rxf3+ 28. Kc2 Rxf2+ 29. Kc1 Rxb2 (29... Bxc8 $6 {succumbs to} 30. Rxf2 d4 31.
Rf6 Nxe5 32. Rxh6 Nd3+ 33. Kc2 $15) 30. Kxb2 Bxc8 $19) (27... Rxc8 $6 {
is a weaker possibility} 28. Rg1 $19) 0-1

[Event "Pennant A"]
[Site "Adelaide"]
[Date "1998.10.13"]
[Round "1.2"]
[White "Sarma, Venu"]
[Black "Amini, Amir"]
[Result "0-1"]
[WhiteElo "1465"]
[BlackElo "1412"]
[Annotator "Fritz 5.00 - Anderson-Smith,W"]
[PlyCount "54"]
[EventDate "1998.10.13"]
[EventType "team"]
[EventRounds "6"]
[EventCountry "AUS"]

1. Nf3 Nf6 2. c4 e6 {English Opening, Nimzo-English Variation} 3. g3 b6 4. Bg2
Bb7 5. O-O Be7 (5... c5 6. d4 cxd4 7. Qxd4 Be7 8. Nc3 d6 9. Rd1 a6 10. b3 Nbd7
11. Bb2 (11. e4 Qb8 12. Bb2 O-O 13. Nd2 Rd8 14. a4 Qc7 15. Qe3 Rac8 16. Qe2 Ne5
17. h3 h5 18. f4 Ng6 19. Nf3 d5 20. cxd5 h4 21. Nxh4 Nxh4 22. gxh4 Qxf4 23.
dxe6 fxe6 24. e5 Bc5+ 25. Kh1 Nh5 26. Qxh5 Qg3 27. Nd5 Rxd5 28. Rf1 Qxg2+ 29.
Kxg2 Rd2+ {0-1 Polugaevsky,L-Ftacnik,L/Luzern olm 1982/BIG 80}) 11... O-O 12.
e4 Qc7 13. Qe3 Rfe8 14. Rac1 Rac8 15. Qe2 Bf8 16. Nd4 Qb8 17. f4 Qa8 18. Nc2 b5
19. g4 Nc5 20. Re1 bxc4 21. bxc4 d5 22. e5 Nfe4 23. cxd5 exd5 24. Nd4 Qa7 25.
h3 Nb3 26. Nxe4 Nxc1 27. Bxc1 Rxc1 28. Rxc1 dxe4 29. Qf2 Bc5 30. Rxc5 Qxc5 31.
Nf5 Rc8 32. Bf1 Qxf2+ 33. Kxf2 Rc3 34. Nd6 e3+ 35. Ke1 Bf3 {
0-1 Shadarevian,M-Granda Zuniga,J/Novi Sad olm 1990/TD 90\06}) 6. d3 O-O (6...
c5 7. e4 O-O 8. Nc3 Nc6 9. h3 d6 10. Be3 a6 11. Qe2 Nd7 12. d4 cxd4 13. Nxd4
Qc7 14. Rac1 Nxd4 15. Bxd4 Rac8 16. b3 Qb8 17. Rfd1 Rfd8 18. Qb2 Bf8 19. Be3
Bc6 20. Bg5 Re8 21. a4 b5 22. cxb5 axb5 23. axb5 Bxb5 24. Nxb5 Qxb5 25. Be3
Rxc1 26. Rxc1 Rb8 27. Rc3 Nc5 28. Bxc5 dxc5 29. Qc2 g6 30. Bf1 Qb4 31. Kg2 Rd8
32. Be2 h5 33. Bf3 Qd4 34. Qc1 Qe5 35. Qe3 Rd4 36. Rc4 Bd6 37. h4 Rxc4 38. bxc4
Qb2 39. Be2 Be5 40. Qf3 Bd4 41. Kf1 Qc1+ 42. Kg2 Qe1 43. Bd3 Kg7 44. Qe2 Qxe2 {
1/2-1/2 Forintos,G-Balashov,Y/2.BLW9697 Plettenberg-Schott Mainz 1997/BL2-W})
7. Nc3 c5 $146 (7... d6 8. b3 Nbd7 9. Bb2 Re8 10. Qc2 e5 11. Rad1 Bf8 12. Qc1
Nc5 13. d4 exd4 14. Nxd4 Bxg2 15. Kxg2 Qd7 16. f3 g6 17. e4 Bg7 18. Nde2 a5 19.
Ba1 c6 20. Nf4 Qc7 21. Nfe2 Rad8 22. h4 {
Devos,P-Denker,A/London-B 1946/MCL 03/0-1 (50)}) 8. Re1 Nc6 (8... d5 9. cxd5
exd5 10. d4 $11) 9. Bf4 Nh5 10. Be3 f5 11. Bd2 Qe8 12. e4 g6 $14 (12... Qg6 13.
Nd5 exd5 14. exd5 $11) 13. Bh6 Ng7 14. exf5 Rxf5 15. Ne5 $11 (15. d4 cxd4 16.
Nxd4 Rc5 $14) 15... Qc8 16. Nxc6 Bxc6 ({Less advisable is} 16... dxc6 17. Bxg7
Kxg7 18. Bh3 $16) 17. Ne4 Qb7 18. b4 $15 (18. d4 d5 19. Nc3 cxd4 20. cxd5 exd5
21. Bxg7 dxc3 22. Bxc3 Bc5 $14) 18... cxb4 19. Qb3 a5 20. Qb2 {
The mate threat is Qxg7} Ne8 21. d4 Bf8 22. d5 $19 (22. Qd2 $5 $17) 22... exd5
23. Bxf8 Rxf8 (23... Kxf8 $4 {Black cannot capture the bishop} 24. Qh8+ Ke7 25.
cxd5 $18) 24. Ng5 $2 $19 (24. cxd5 $142 Bxd5 25. Re3 $19) 24... dxc4 25. Bxc6
Qxc6 (25... dxc6 $6 26. Qd4 b5 27. Ne6 $19) 26. Re7 (26. Qd4 {
doesn't get the cat off the tree} Nf6 $19) 26... Qf6 27. Qxf6 Nxf6 (27... Nxf6
28. Ne4 Nxe4 29. Rxe4 c3 $19) (27... Rxf6 $6 28. Rae1 Ng7 29. Rxd7 $19) 0-1

[Event "Pennant A"]
[Site "Adelaide"]
[Date "1998.10.13"]
[Round "1.3"]
[White "Riches, L John"]
[Black "Yang, Song"]
[Result "1-0"]
[WhiteElo "1724"]
[BlackElo "1329"]
[Annotator "Fritz 5.00 - Anderson-Smith,W"]
[PlyCount "61"]
[EventDate "1998.10.13"]
[EventType "team"]
[EventRounds "6"]
[EventCountry "AUS"]

1. d4 Nf6 2. c4 c5 3. d5 e6 4. Nc3 exd5 5. cxd5 d6 6. Bg5 (6. Nf3 g6 7. e4 Bg7
8. Bg5 h6 9. Bf4 (9. Bh4 g5 10. Bg3 Nh5 11. Bb5+ Kf8 12. e5 Nxg3 13. fxg3 dxe5
14. O-O a6 15. Bd3 b5 16. Qe2 c4 17. Nxe5 Qb6+ 18. Kh1 cxd3 19. Qh5 Kg8 20.
Rxf7 Bxe5 21. Raf1 Ra7 22. Ne4 Bg7 23. Nf6+ Qxf6 24. R1xf6 Rxf7 25. Qxf7+ Kh7
26. Qg6+ Kg8 27. Rf7 Rh7 28. Re7 Bd7 29. Qf7+ Kh8 30. Re8+ {
1-0 Mikhalevski,A-Yudasin,L/Beersheba 1996/TUR 96}) 9... g5 10. Bc1 O-O 11. Nd2
Nbd7 12. Be2 Ne5 13. Nf1 b5 14. Bxb5 Qa5 15. Ng3 c4 16. O-O Rb8 17. Qa4 Qxa4
18. Bxa4 Nd3 19. Bb5 Ng4 20. Nge2 Nxc1 21. Raxc1 Ne5 22. b3 cxb3 23. axb3 a6
24. Ba4 Nd3 25. Rc2 f5 26. Ng3 f4 27. Nge2 f3 28. Ng3 fxg2 29. Kxg2 Bg4 30. Nf5
Nf4+ 31. Kg3 Bxf5 32. exf5 Bxc3 33. Kf3 Be5 34. Ke4 Rb4+ 35. Rc4 Rfb8 36. f6
Kf7 37. Kf5 Rxc4 38. bxc4 Ne2 39. Re1 Nd4+ 40. Kg4 h5+ 41. Kh3 Kxf6 {
0-1 Cuellar Gacharna,M-Fischer,R/Sousse izt 1967/IZT}) 6... g6 7. Nf3 {
Benoni Defence, Uhlmann's Line} Bg7 8. e3 O-O 9. Nd2 (9. Be2 a6 10. a4 h6 11.
Bh4 b6 12. Nd2 Qc7 13. O-O Re8 14. Nc4 Bb7 15. Bg3 Bf8 16. f4 Nbd7 17. Bf3 b5
18. axb5 Nb6 19. Nxb6 Qxb6 20. e4 axb5 21. Rxa8 Rxa8 22. e5 Ne8 23. Bf2 Qa5 24.
Ne4 Qb4 25. exd6 Bxd6 26. f5 g5 27. h4 f6 28. hxg5 hxg5 29. Re1 Qxb2 30. Nxc5
g4 31. Nxb7 gxf3 32. Nxd6 Nxd6 33. Qxf3 Nf7 34. Qh5 Ne5 35. d6 Ra1 36. Rd1
Rxd1+ 37. Qxd1 Nd7 38. Qd5+ Kf8 39. Be3 Qa1+ 40. Kf2 Qb2+ 41. Kf3 Qa3 42. Qxb5
Qxd6 43. Bh6+ Ke7 {
Csulits,A-Doeres,H/2.BLO9697 Forchheim-Halle 1997/BL2-O/1/2-1/2 (76)}) 9... Na6
(9... b6 10. Bc4 Nbd7 11. O-O Qe7 12. a4 Rb8 13. Be2 Re8 14. Kh1 h6 15. Bh4 g5
16. Bg3 Ne5 17. h3 Bf5 18. f4 gxf4 19. Rxf4 Bd3 20. e4 c4 21. Rf5 Nfd7 22. Bh5
Ng6 23. Qf3 a6 24. Re1 Rf8 25. Nd1 Nh4 {
1/2-1/2 Psakhis,L-Barczay,L/Dortmund 1982/MCL 01}) 10. Be2 Nc7 11. O-O $146 (
11. e4 b5 12. Nxb5 Nxb5 13. Bxb5 Rb8 14. a4 a6 15. Bd3 Rxb2 16. O-O Rb4 17. Nc4
Re8 18. f3 a5 19. Bd2 Nh5 20. Bxb4 Bd4+ 21. Rf2 axb4 22. Raa2 Ba6 23. a5 f5 24.
g3 fxe4 25. fxe4 Nf6 26. Qf3 Bxc4 27. Bxc4 Nxe4 28. Qf7+ Kh8 29. Kg2 Nxf2 30.
a6 Qc8 31. Rxf2 Bxf2 32. Qxf2 Qf5 33. Qb2+ Kg8 34. Qa2 Qe4+ 35. Kh3 Re5 {
0-1 Vogel,R-Paulsen,D/BL2-N 1996/BL2}) 11... a6 {Prevents intrusion on b5} 12.
a4 h6 13. Bh4 b6 (13... Rb8 14. a5 $11) 14. Nc4 Rb8 15. Ne4 $11 (15. Bg3 Nce8
$14) 15... g5 16. Nxf6+ Bxf6 17. Bg3 Be7 18. a5 b5 19. Nb6 {
The knight dominates} Bf5 20. f4 Bh7 21. f5 $15 (21. Bd3 $5 $14 {
looks like a viable alternative}) 21... Na8 22. Nxa8 Rxa8 23. e4 Bf6 24. Ra2
Re8 25. Bd3 c4 {Black gains space} 26. Bb1 b4 27. Bf2 b3 28. Ra4 Rc8 29. Bd4
Qd7 $4 $18 (29... Qe7 $142 $11 {is just about the only chance}) 30. Bxf6 Qxa4 (
30... Qa7+ {desperation} 31. Kh1 c3 32. bxc3 Bg6 33. fxg6 fxg6 $18) 31. Qh5 {
Threatening mate: Qxh6} (31. Qh5 Re6 32. dxe6 fxe6 33. Qxh6 Qd7 34. fxe6 Qa7+
35. Kh1 Rc5 36. Be5 Qe7 37. Rf8+ Qxf8 38. Qxg5+ Bg6 39. Qxg6+ Qg7 40. Qxg7#)
1-0

[Event "Pennant A"]
[Site "Adelaide"]
[Date "1998.10.13"]
[Round "1.4"]
[White "Beltsos, Michael"]
[Black "Egg, Marcel"]
[Result "1-0"]
[WhiteElo "1339"]
[BlackElo "1099"]
[Annotator "Fritz 5.00 - Anderson-Smith,W"]
[PlyCount "45"]
[EventDate "1998.10.13"]
[EventType "team"]
[EventRounds "6"]
[EventCountry "AUS"]

1. e4 c5 2. Nf3 d6 3. d4 cxd4 4. Nxd4 Nf6 5. Nc3 a6 6. Bd3 e6 {
Sicilian Defence, Scheveningen Variation} 7. O-O Be7 (7... b5 8. f4 Bb7 9. Qf3
Nbd7 10. Be3 b4 11. Nd1 Nc5 12. Nf2 Be7 13. Nb3 Nxd3 14. cxd3 O-O 15. g4 d5 16.
g5 Nd7 17. Qg3 dxe4 18. dxe4 Rc8 19. f5 exf5 20. Rad1 Qe8 21. exf5 f6 22. Nd4
Ne5 23. Bf4 Kh8 24. Rfe1 Qh5 25. gxf6 gxf6 26. Rxe5 fxe5 27. Bxe5+ Bf6 28. Ng4
Bxe5 29. Qxe5+ Kg8 30. Qe6+ Kh8 {
1/2-1/2 Westerinen,H-Hellers,F/Malmo 1988/CBM 11}) 8. Kh1 (8. Be3 Qc7 9. f4
Nbd7 10. Qf3 b5 11. a3 Bb7 12. Rae1 Nc5 13. Bf2 O-O 14. Qh3 Rfe8 15. Kh1 d5 16.
e5 Nfe4 17. Bh4 Bf8 18. Nce2 Rac8 19. b4 Na4 20. Rf3 Nb2 21. Qg4 g6 22. Bxe4
dxe4 23. Rh3 h5 24. Bf6 Bg7 25. Rxh5 Nd3 26. cxd3 exd3 27. Qh4 {
1-0 Dueball,J-Matthias,H/NRW-I 1995/GER 10}) 8... O-O 9. f4 Qc7 10. Be3 (10.
Nf3 Nc6 11. a3 b5 12. Re1 Bb7 13. e5 Nd7 14. Qe2 Nc5 15. exd6 Bxd6 16. Bxh7+
Kxh7 17. Ng5+ Kg8 18. Qh5 Rfe8 19. Qh7+ Kf8 20. Qh8+ Ke7 21. Qxg7 Rf8 22. Nd5+
Ke8 23. Nxc7+ Bxc7 24. f5 Ne7 25. Nh7 Ng6 {1-0 Pina,J-Das,B/WchJW U10 1996})
10... Nc6 11. Qf3 $146 (11. Nb3 b5 12. a3 Bb7 13. Qf3 Na5 14. Nxa5 Qxa5 15. Qh3
e5 16. f5 Qd8 17. Rad1 Rc8 18. Bg5 Qd7 19. Bxf6 Bxf6 20. g4 Bg5 21. Nd5 Bxd5
22. exd5 h6 23. Qh5 Qe7 24. Rde1 Bh4 25. Re2 Qf6 {
Da Luz,M-Usuanlele,A/Manila olw 1992/TD 92\07/0-1 (39)}) 11... Nb4 12. Rac1 Rb8
13. a3 Nc6 14. h3 {Covers g4} h6 15. Qg3 Kh8 16. Nce2 e5 17. fxe5 Nxe5 18. Nf5
{Threatening mate... how?} Bxf5 {Attacks the isolani on e4} 19. Rxf5 Qd7 20.
Nd4 Nc6 (20... Rfe8 21. Rcf1 Qd8 22. Ne2 $14) 21. b4 (21. Rcf1 Rg8 $14) 21...
Nxd4 $16 (21... Ne5 $5 $14) 22. Bxd4 Qe6 23. Rcf1 (23. Rcf1 b5 24. Qh4 $14) 1-0

[Event "Pennant A"]
[Site "Adelaide"]
[Date "1998.10.13"]
[Round "1.1"]
[White "Sheldrick, Kevin"]
[Black "Cowley, Robert G"]
[Result "1/2-1/2"]
[WhiteElo "1801"]
[BlackElo "1995"]
[Annotator "Fritz 5.00 - Anderson-Smith,W"]
[PlyCount "57"]
[EventDate "1998.10.13"]
[EventType "team"]
[EventRounds "6"]
[EventCountry "AUS"]

1. e4 c5 2. Nc3 {Sicilian Defence, Closed System} a6 3. g3 b5 4. Bg2 Bb7 5. d3
(5. Nge2 e6 6. O-O d6 (6... Nf6 7. d3 d6 8. Re1 Nc6 9. a4 b4 10. Nb1 Be7 11. c3
d5 12. Nd2 dxe4 13. Nxe4 Nxe4 14. dxe4 Ne5 15. cxb4 cxb4 16. Be3 O-O 17. Qd4
Qxd4 18. Bxd4 Nc4 19. Rad1 e5 20. b3 exd4 21. bxc4 Rac8 22. Rxd4 Bc6 23. a5 Ba4
24. Nf4 {1/2-1/2 Roos,J-Gheorghiu,F/Baden Baden op 1987/TD 87\04}) 7. d4 cxd4
8. Nxd4 Nd7 9. a4 bxa4 10. Nxa4 Ngf6 11. Re1 Qc7 12. Bd2 Be7 13. Ra3 O-O 14.
Rc3 Qb8 15. Rb3 Qa7 16. Rxb7 Qxb7 17. e5 Nd5 18. c4 dxe5 19. cxd5 exd5 20. Nf5
Bf6 21. Bc3 e4 22. Nc5 Qc7 23. Nxd7 Qxd7 24. Bxe4 Bxc3 25. bxc3 g6 26. Ne3 Rad8
27. Bxd5 Rfe8 28. c4 a5 29. Qd4 h5 30. Ra1 a4 31. Qd1 h4 32. gxh4 Qe7 33. Rxa4
Qxh4 34. Qg4 Qf6 35. Ra7 Rf8 36. Qf3 {
1-0 Franzoni,G-Alexandria,N/Biel op 1994/TD 94\02}) 5... e6 (5... d6 6. f4 g6
7. Nf3 Bg7 8. O-O Nc6 9. a3 Nd4 10. Be3 e6 11. Rb1 Ne7 12. Ne2 Nxf3+ 13. Bxf3
O-O 14. c3 Rc8 15. g4 f5 16. Ng3 Qd7 17. Qd2 Rc7 18. Qf2 c4 19. d4 Rcc8 20.
Rbd1 {Dudek,R-Heinemann,T/BL9697 HSK-Eppingen 1997/BL9697/1/2-1/2 (62)}) 6. f4
Nf6 $146 (6... Nc6 7. Nf3 g6 8. Be3 Nf6 9. h3 d5 10. exd5 exd5 11. Bd2 Qe7+ 12.
Ne2 Bg7 13. O-O O-O 14. g4 Rfe8 15. Ng3 Qd6 16. g5 Nd7 17. c3 d4 18. Ne4 Qc7
19. Qc2 Rac8 20. Rae1 Ne7 21. cxd4 {
Veja,G-Huppertz,A/WchJW-U14 Duisburg 1992/TD 92\06/1-0 (50)}) (6... d5 7. e5
Qb6 8. Nf3 Ne7 9. O-O Nbc6 10. Ne2 d4 11. g4 h5 12. gxh5 Nf5 13. Ng3 c4 14.
Nxf5 exf5 15. Re1 Bb4 16. Bd2 Bxd2 17. Qxd2 O-O-O 18. Ng5 Rd7 19. e6 fxe6 20.
Rxe6 Qc7 21. Rae1 Nd8 22. Re8 Rxh5 23. Ne6 Qd6 24. Bxb7+ Kxb7 25. Nxd8+ Rxd8
26. Qg2+ Kb8 27. R1e7 {1-0 San Claudio,F-Sanchez Silva,L/ESP-ch 1993/TD 93\10})
7. Nf3 d6 {Secures e5} 8. O-O Nc6 9. h3 {Secures g4} Be7 10. Be3 Qc7 11. Qd2 b4
{Black wins space} 12. Ne2 d5 13. e5 {White gets more space} Nd7 14. c3 {
Consolidates d4} a5 15. g4 O-O 16. g5 {White wins space} f5 17. gxf6 gxf6 {
Controls g5} 18. exf6 {Pushes the passed pawn} Nxf6 $14 (18... Rxf6 $5 {
must definitely be considered} 19. d4 Kh8 $11) 19. Ng3 $11 (19. f5 $5 $14 {
must be considered}) 19... Ba6 20. Ng5 {White prepares the advance f5} Qd6 21.
f5 $17 (21. c4 $142 $5 $11 {and White could well hope to play on}) 21... Qxg3
22. Nxe6 $19 (22. Rf3 $142 $5 Qh4 23. Bf2 $15) 22... Kh8 $15 (22... Bd6 $142 $5
23. Bxc5 Qh2+ 24. Kf2 Bg3+ 25. Ke3 Rfe8 $19) 23. Nxf8 Rxf8 24. Rf3 Qc7 25. Bf4
Bd6 26. Re1 $17 (26. Bxd6 $5 {is noteworthy} Qxd6 27. Re1 $15) 26... Bc8 $15 (
26... Bxf4 $142 $5 27. Qxf4 Qxf4 28. Rxf4 Bxd3 $17) 27. Bxd6 Qxd6 28. Qh6 Bd7 (
28... Rf7 29. Rfe3 Qf8 30. Qxf8+ Rxf8 31. a3 $15) 29. Rfe3 1/2-1/2

[Event "Pennant A"]
[Site "Adelaide"]
[Date "1998.10.13"]
[Round "1.2"]
[White "Anderson-Smith, William"]
[Black "Benham, Christopher"]
[Result "1/2-1/2"]
[WhiteElo "1512"]
[BlackElo "1640"]
[Annotator "Fritz 5.00 - Anderson-Smith,W"]
[PlyCount "69"]
[EventDate "1998.10.13"]
[EventType "team"]
[EventRounds "6"]
[EventCountry "AUS"]

1. d4 f5 2. g3 Nf6 3. Bg2 {Dutch Defence, Modern System} e6 4. Nh3 d5 5. O-O
Be7 6. c4 O-O 7. b3 (7. Nd2 c6 8. b3 Ne4 9. Bb2 Bd6 10. Nxe4 dxe4 11. f3 exf3
12. exf3 c5 13. f4 cxd4 14. Bxd4 Nc6 15. Bc3 h6 16. Kh1 Qe7 17. Qe2 Bd7 18. Nf2
Rad8 19. Nd3 Bc8 20. Rad1 Rfe8 21. Qe3 Qf8 22. Rd2 Bc7 23. Rfd1 a5 24. Ne5 Nxe5
25. Bxe5 Qe7 26. c5 Rxd2 27. Rxd2 Rd8 28. Bxc7 Rxd2 29. Qxd2 Qxc7 30. Qd4 Bd7
31. Qd6 Qxd6 32. cxd6 b6 33. Kg1 Kf7 34. Kf2 e5 35. Ke3 g5 36. Bd5+ Kf6 37. Kd3
exf4 38. gxf4 gxf4 39. Kd4 h5 40. h4 Be8 41. a4 Bd7 42. Bf3 Ke6 43. Bxh5 Kxd6
44. Bf3 Ke6 45. Bd5+ Kf6 46. h5 Be6 47. Bc6 Bxb3 48. h6 Bd1 {
0-1 Gallego,V-Rivera,D/Madrid -B 1992/TD 92\09}) 7... Ne4 (7... a5 8. Ba3 Na6
9. Bxe7 Qxe7 10. Nf4 dxc4 11. bxc4 e5 12. dxe5 Qxe5 13. Nd2 Nc5 14. Nf3 Qe7 15.
Qd4 Rd8 16. Nd5 Nxd5 17. cxd5 c6 18. Ne5 Be6 19. Rac1 Na6 20. Nxc6 bxc6 21.
Rxc6 Bf7 22. Rfc1 {Gerber,R-Arnold,L/Bodensee Cup 1996/EXP 53/0-1 (61)}) (7...
c6 8. Ba3 Bd7 9. Qc1 b5 10. Bxe7 Qxe7 11. Nf4 a5 12. Nd2 Na6 13. Nf3 Ne4 14.
Ne5 Rfd8 15. f3 Nd6 16. c5 Nf7 17. Nxf7 Qxf7 18. Nd3 Qe7 19. Qd2 Nc7 20. a3 Be8
21. Ne5 a4 22. b4 Ra6 23. e4 Bg6 24. exf5 Bxf5 25. g4 Bg6 26. Nxg6 hxg6 27. g5
Re8 28. Rae1 Raa8 29. Re5 Rad8 30. Bh3 Rd7 31. Qe3 Qf7 32. f4 Rde7 33. Kg2 Kh8
34. Kg3 Kg8 35. Bg4 Kh8 36. h4 Kg8 37. Bd1 Rf8 38. Bc2 {
1-0 Palatnik,S-Tradardi,M/Roma op 1990/TD 90\03}) 8. f3 $146 (8. Ba3 dxc4 9. e3
Bxa3 10. Nxa3 cxb3 11. axb3 Bd7 12. Qc2 Bc6 13. Nf4 Qe7 14. Rfd1 Rd8 15. Nc4
Nf6 16. Na5 Bxg2 17. Kxg2 c6 18. Qc5 Re8 19. Qxe7 Rxe7 20. Rdc1 Ne8 21. Nc4 Nd7
22. Nd3 a6 23. Ra2 Rb8 24. f4 Nef6 25. Kf3 Ne4 26. g4 c5 27. gxf5 exf5 28. dxc5
Nexc5 29. Nxc5 Nxc5 30. b4 Ne4 31. Rac2 Rd8 32. Ne5 g5 33. h3 h5 34. Rc8 g4+
35. hxg4 hxg4+ 36. Ke2 Ree8 37. Rxd8 Rxd8 38. Rc2 Kf8 39. Ke1 Nd6 40. Rc7 Rc8
41. Rh7 Kg8 42. Rd7 Ne4 43. Ng6 Rc1+ 44. Ke2 g3 45. Nh4 Rh1 46. Nxf5 g2 47.
Rg7+ Kf8 48. Rxg2 Rb1 49. Kd3 Rxb4 {
1/2-1/2 Ftacnik,L-Agdestein,S/Lyon 1988/CBM 07}) 8... Nd6 9. cxd5 exd5 10. Nc3
c6 {Controls b5+d5} 11. Qc2 Bf6 12. Be3 Be6 13. Kh1 Nd7 14. Bf2 Qe7 15. Rae1
Rad8 $14 (15... g5 16. e4 fxe4 17. fxe4 dxe4 18. Nxe4 Nxe4 19. Rxe4 $11) 16.
Nf4 Bf7 $16 (16... Bg5 $5 $14 {is worth looking at}) 17. e4 fxe4 18. fxe4 Nxe4
19. Nxe4 ({Inferior is} 19. Bxe4 dxe4 20. Nxe4 Qa3 $11) 19... dxe4 20. Bxe4 (
20. Rxe4 $6 Qd6 $11) (20. Qxe4 $6 Qxe4 21. Rxe4 Nb6 $15) 20... Qd6 21. Bxh7+
Kh8 22. Be4 $16 (22. Qf5 Bxd4 23. Qh3 Qh6 24. Qxh6 gxh6 25. Bxd4+ Kxh7 $18)
22... Nb6 $18 (22... Bxd4 $5 23. Rd1 c5 $16) 23. Be3 $16 (23. d5 $5 cxd5 24.
Bc5 $18) 23... Rfe8 24. Qg2 Rxe4 $2 $18 (24... Kg8 $142 25. d5 Nxd5 (25... cxd5
$143 26. Bxb6 axb6 27. Nxd5 $18) 26. Bxa7 Nc3 $14) 25. Qxe4 g5 (25... Re8 26.
Qf5 $18) 26. Kg1 $4 $11 {
not a good decision, because now the opponent is right back in the game} (26.
Ng2 $142 {and White has it in the bag} Kg7 27. Qg4 $18) 26... gxf4 27. Rxf4 Qd5
$16 (27... Nd5 $142 $5 {might be a viable alternative} 28. Rf2 Nxe3 29. Rxe3
Bg8 $11) 28. Qc2 Bg5 29. Rg4 Bf6 30. Qf2 {Do you see the mate threat?} Nd7 (
30... Rd6 31. Rf1 Bg8 32. Qf4 $16) 31. Qf4 (31. Rf4 $5 Kg7 32. Rf1 $18) 31...
Qh5 32. Qh6+ $14 (32. d5 Re8 (32... Bxd5 $4 33. Bd4 (33. Bxa7 $6 {
is a bad alternative} Rg8 34. Rxg8+ Kxg8 $16) 33... Rf8 34. Rh4 $18 (34. Bxa7
$6 {is easily refuted} Qh3 35. Re2 Qh7 $14)) (32... cxd5 $4 33. Bd4 (33. Bxa7
$6 {is no comparison} Rg8 34. Rxg8+ Kxg8 $16) 33... Qxg4 34. Qxg4 $18) 33. dxc6
bxc6 $18) 32... Qxh6 33. Bxh6 Bd5 $16 (33... Bh5 $5 {
is an interesting alternative} 34. Rge4 Bg6 $11) 34. Be3 $11 (34. Bg5 $5 $16)
34... Re8 35. Kf2 1/2-1/2